LIBRARY & INFORMATION CENTRE, KCAET, TAVANUR

ONLINE PUBLIC ACCESS CATALOGUE (OPAC)

Water supply engineering (Record no. 13903)

MARC details
000 -LEADER
fixed length control field 00370nam a22001457a 4500
020 ## - INTERNATIONAL STANDARD BOOK NUMBER
ISBN 9788131807033
082 ## - DEWEY DECIMAL CLASSIFICATION NUMBER
Classification number 628.1
Item number PUN/WA
100 ## - MAIN ENTRY--AUTHOR NAME
Personal name Punmia, B.C
245 ## - TITLE STATEMENT
Title Water supply engineering
260 ## - PUBLICATION, DISTRIBUTION, ETC. (IMPRINT)
Place of publication Bangalore
Name of publisher Laxmi Publications (P) Ltd
Year of publication 2012
650 ## - SUBJECT ADDED ENTRY--TOPICAL TERM
Topical Term Environmental engineering
700 ## - ADDED ENTRY--PERSONAL NAME
Personal name Ashok Kumar Jain
700 ## - ADDED ENTRY--PERSONAL NAME
Personal name Arun Kumar Jain
942 ## - ADDED ENTRY ELEMENTS (KOHA)
Koha item type Books

No items available.

free website counter